000
00268nam a2200109Ia 4500
008
220204s9999 xx 000 0 und d
082
_a
82-3
_b
KNI
245
0
_a
Science fiction argosy
260
_a
London
_b
Victor gollancz
_c
1973
700
_a
Knight, Damon
942
_c
BK
999
_c
24816
_d
24816